| 000 | 00838nam a22001937a 4500 | ||
|---|---|---|---|
| 005 | 20231206115959.0 | ||
| 010 | _aHIN-126398 | ||
| 020 |
_a9789383278404 _c395.00 |
||
| 035 | _aHN-98744 | ||
| 037 | _bDBAD/PUB. | ||
| 082 | _a641.1 | ||
| 100 |
_aपाण्डेय,आर _959558 |
||
| 245 |
_aबच्चो को बनाये विजेता/ _cआर पाण्डेय |
||
| 250 | _a1 | ||
| 260 |
_bबुक ट्री पब्लिशिंग हाउस _c2021 _aदिल्ली |
||
| 270 |
_aआत्माराम बिल्डिंग 1376 ग्राउंड फ्लोर कश्मीरी गेट _bदिल्ली _e110006 |
||
| 300 |
_a152 पृष्ट; _c23 सेमी (सजिल्द) |
||
| 942 |
_aDPL _cHN _2ddc _h649.1 _mपाण्डेय |
||
| 999 |
_c199235 _d199235 |
||